| 000 | 00347nam a22001457a 4500 | ||
|---|---|---|---|
| 008 | 211013b ||||| |||| 00| 0 eng d | ||
| 020 | _a9780130796042 | ||
| 041 | _aeng | ||
| 080 | _a159.9 | ||
| 082 | _a159.9 | ||
| 100 | _a49 | ||
| 101 | _aPSI | ||
| 245 |
_aCase Studies in Child and Adolescent Psychopathology _cMorgan,R.K |
||
| 942 |
_2udc _cBK |
||
| 999 |
_c58210 _d58210 |
||